000 00905nas a2200301 4500
001 BR2012003564
003 BR-BrBNA
005 20231205120601.0
007 ta
008 230509b bl.|||p| |||| 00| 00por d
040 _aBR-BrBNA
_bpor
_cBiblioteca Nacional de Agricultura
041 _a(Pt)
072 _aF60; P33
100 1 _aWinckler, M.V.
100 1 _aMarques, R.
100 1 _aWatzlawick, L.F.
100 1 _aSoares, R.V.
245 1 _aÍndice de eficiência de micronutrientes em espécies arbóreas - Floresta ombrólia mista montana/Paraná
650 _aESSÊNCIA FLORESTAL
650 _aARAUCÁRIA
650 _aÁRVORE CONÍFERA
650 _aMICROLEMENTO
650 _aBIOMASSA
650 _aSOLO
773 0 _tFloresta e Ambiente (Brazil)
_xISSN 1415-0980
_g(2006), v. 13(1) p. 10-19
_wBR2012003564
909 _a202311
_bLúcia
_c55
_dLúcia Elande
942 _2AGRIS
_n0
_cANA
999 _c219255
_d219255